000 00839nam a22002537a 4500
003 dpl
005 20180821151546.0
008 180821b xxu||||| |||| 00| 0 eng d
010 _aB-058675
020 _a8170003067
_c850.00
035 _aB-058675, B-058679
037 _bCen Lib/Ret
040 _aDPL
_bEN
_c0
082 _a020
_bLIB
245 _aLibray, information science and society :
_bessays in the memory of late Dr. A. Tejomurty /
_cedited by Surendra Singh [and] Sonal Singh
260 _aNew Delhi
_bEss Ess Publications
_c2002
270 _a4837/24, Ansari Road, Daroya Ganj
_bNew Delhi
300 _a381p.
_c23cm(Hb)
650 _aLibrary Science
_9107680
650 _aInformation Science
_9107681
700 _aSurendra Singh
_935020
700 _aSingh,Sonal
_92391
942 _2ddc
_cEN
_h020
_mLIB
999 _c122804
_d122804